عرض عادي عرض مارك
  • Computational complexity

مدخل مصطلح موضوعي

عدد التسجيلات المستخدمة في: 3

001 - رقم الضبط

  • حقل الضبط: 8811

003 - معرف رقم الضبط

  • حقل الضبط: OSt

005 - تاريخ ووقت أخر عملية

  • حقل الضبط: 20111220193102.0

008 - عناصر بيانات ثابتة الطول

  • حقل تحكم ثابت الطول: 111220|||a|||||| | ||| d

040 ## - مصدر الفهرسة

  • هيئة الفهرسة الأصلية: OSt
  • وكالة الكتابة: OSt

150 ## - مدخل-- مصطلح تاريخي

  • عنصر مدخل المصطلح الموضوعي او الاسم الجغرافي: Computational complexity
  • تفريع شكلي: Congresses.

670 ## - بيانات المصدر موجوده

  • الاستشهاد بالمصدر: Work cat.: (OSt)3609: Italian Conference on Algorithms and Complexity (4th : 2000 : Rome, Italy) 8808, Algorithms and complexity :, c2000.